000 00334 a2200145 4500
020 _a969503425X
082 _a297.4
090 _c7163
_d7163
100 _aMumtaz, Mufti
245 _aTalaash
_cMumtaz, Mufti
260 _aLahore
_bAl-Faisal Nashran
_c2011
300 _a264 p.
_c22 cm.
650 _a1. Tasawaf
942 _cBK
_k297.4 MUM
999 _c10967
_d10967